Glasgow Airport Destinations (Glasgow, Scotland) - Statistics

General Stats
  • This quiz has been taken 160 times
    83 since last reset
  • The average score is 53 of 88
Answer Stats
Airline Destination % Correct
Emirates Dubai (International)
98%
Aer Lingus/Ryanair Dublin
94%
British Airways London (City)
94%
British Airways/easyJet London (Gatwick)
94%
British Airways London (Heathrow)
94%
easyJet London (Luton)
94%
easyJet London (Stansted)
94%
easyJet Paris (Charles de Gaulle)
94%
Aer Lingus/easyJet Belfast (City)
91%
easyJet Belfast (International)
91%
Lufthansa Frankfurt
91%
easyJet/KLM Amsterdam
89%
easyJet Barcelona
89%
Aer Lingus Cork
89%
Wizz Air Milan (Malpensa)
87%
easyJet/Jet2.com/Wizz Air Rome (Fiumicino)
87%
easyJet/Jet2.com/Ryanair/TUI Airways Alicante
81%
easyJet/Jet2.com Berlin
81%
easyJet Lisbon
81%
easyJet/Jet2.com/Ryanair/TUI Airways Málaga
81%
Jet2.com/TUI Airways Naples
81%
Icelandair/Jet2.com Reykjavík
81%
Jet2.com/Ryanair Kraków
79%
British Airways/easyJet/Jet2.com/TUI Airways Palma de Mallorca
79%
easyJet Birmingham
77%
Jet2.com/TUI Airways Ibiza
77%
easyJet Bristol
74%
Jet2.com Budapest
72%
Air Transat/WestJet Toronto (Pearson)
72%
Corendon Airlines/easyJet/Jet2.com/ SunExpress/TUI Airways Antalya
70%
easyJet/Jet2.com Faro
70%
easyJet/Jet2.com Prague
70%
easyJet/Jet2.com/TUI Airways Tenerife (South)
70%
Jet2.com/TUI Airways Rhodes
68%
Jet2.com/TUI Airways Corfu
66%
easyJet/Jet2.com Geneva
64%
easyJet/Jet2.com/TUI Airways Gran Canaria
64%
Jet2.com Heraklion
64%
easyJet Jersey
64%
easyJet/Jet2.com/TUI Airways Lanzarote
64%
United Airlines Newark
64%
easyJet/Loganair Southampton
64%
Jet2.com Vienna
64%
Jet2.com/TUI Airways Zakynthos
64%
easyJet/Jet2.com/SunExpress/TUI Airways Dalaman
62%
easyJet/Jet2.com/Ryanair Malta
62%
Jet2.com/TUI Airways Menorca
62%
Jet2.com İzmir
60%
Loganair Derry
57%
Jet2.com/TUI Airways Dubrovnik
57%
Jet2.com/TUI Airways Paphos
57%
easyJet/Jet2.com Kos
55%
easyJet Pisa
55%
easyJet Split
55%
Jet2.com Bodrum
53%
easyJet/Jet2.com Fuerteventura
53%
Jet2.com Funchal
53%
Ryanair Wrocław
53%
easyJet/Jet2.com Marrakesh
51%
TUI Airways Sal
49%
easyJet/Jet2.com Agadir
47%
Loganair Kirkwall
47%
easyJet/Jet2.com Larnaca
47%
Jet2.com/TUI Airways Verona
47%
easyJet Bordeaux
43%
easyJet Hurghada
43%
easyJet Chania
40%
TUI Airways Melbourne/Orlando
40%
Loganair Stornoway
40%
Loganair Barra
38%
Jet2.com Burgas
38%
Jet2.com Girona
38%
easyJet Pula
38%
easyJet/TUI Airways Sharm El Sheikh
38%
Loganair Sumburgh
38%
TUI Airways Toulouse
36%
Jet2.com/TUI Airways Kefalonia
34%
Loganair Newquay
34%
easyJet/Jet2.com/TUI Airways Reus
32%
Loganair Benbecula
28%
Loganair Tiree
28%
Loganair Campbeltown
26%
easyJet/TUI Airways Enfidha
26%
TUI Airways Barbados
23%
Loganair Donegal
23%
TUI Airways Kittilä
17%
Loganair Islay
15%
TUI Airways La Romana
6%
No matching quizzes found
Score Distribution
Percent of People with Each Score
Percentile by Number Answered
Your Score History
You have not taken this quiz since the last reset